| 000 | 00931cam a2200313 i 4500 | ||
|---|---|---|---|
| 999 |
_c200429661 _d47585 |
||
| 001 | 200429661 | ||
| 003 | TR-AnTOB | ||
| 005 | 20190711150523.0 | ||
| 007 | ta | ||
| 008 | 021225s2001 tu 000 0 tur d | ||
| 020 | _a9756689102 | ||
| 040 |
_aB9K _beng _erda _cB9K _dTR-AnTOB |
||
| 041 | 0 | _atur | |
| 050 | 0 | 0 |
_aKKX2064 _b.T8 2001 |
| 090 |
_aKKX2064 _b.T8 2001 |
||
| 245 | 0 | 0 | _aTürkiye Cumhuriyeti anayasa önerisi. |
| 250 | _aII. Basım | ||
| 264 | 1 |
_aAnkara : _bTürkiye Barolar Birliǧi, _c2001. |
|
| 300 |
_axiii, 110 pages ; _c24 cm. |
||
| 336 |
_atext _2rdacontent _btxt |
||
| 337 |
_aunmediated _2rdamedia _bn |
||
| 338 |
_avolume _2rdacarrier _bnc |
||
| 490 | 0 |
_aTürkiye Barolar Birliği ; _v14 |
|
| 590 | _aDonated by Kudret Aslan | ||
| 650 | 7 |
_938306 _aConstitutions _zTurkey _2etuesh |
|
| 650 | 7 |
_938301 _aAnayasalar _zTürkiye _2etuturkob |
|
| 942 |
_2lcc _cBK |
||